BIBLIOTHÈQUE DE LA MAISON DU MEXIQUE

Logo 1 Logo 2

El Calpulli en la organización social de los Tenochca (notice nᵒ 4351)

détails MARC
000 -Sello discográfico
campo de control de longitud fija 01058nam a2200313 4500
005 - Identificación de versión
campo de control 20251016083759.0
035 ## - Otros números de control del sistema
Número de control del sistema 26502
099 ## - fechas locales
Tipo de ítem Koha LIBRO
100 ## - Datos de procesamiento general
Datos de procesamiento general 19990624d19831949m y1spay5003 ba
105 ## - Campo de datos codificados: Material textual, monográfico
Datos codificados de monografía a 001zy
200 1# - Título y mención de responsabilidad
Título propio El Calpulli en la organización social de los Tenochca
Designación general del material texto impreso
Primer mención de responsabilidad Arturo Monzón Estrada
Declaración de responsabilidad subsiguiente presentación Félix Báez-Jorge
205 ## - Declaración de edición
Declaración de edición 2a ed corregida y aum
210 ## - Publicación, distribución, etc.
Lugar de publicación, distribución, etc. México
Nombre del editor, distribuidor, etc. Instituto Nacional Indigenista
Fecha de publicación, distribución, etc. 1983
215 ## - Descripción física
Designación de material específico y extensión del ítem 188 p
Otras características físicas il., lám.
Dimensiones 21 cm
345 ## - Nota de información de adquisición
Fuente de adquisición/dirección de la suscripción [OBSOLETO] Donación del Centro Cultural
410 #1 - Series
Título Colección Ini
Nombre de parte o sección Clásicos de la Antropología
Número de volumen 15
606 ## - Término temático usado como materia
Elemento de entrada Aztecas
Número Koha 840
606 ## - Término temático usado como materia
Elemento de entrada Indios de México
Subdivisión temática Vida social y costumbres
Número Koha 833
660 ## - Código de área geográfica
Código MX
700 ## - Nombre personal - Responsabilidad primaria
Elemento de entrada Monzón Estrada
Parte del nombre distinta del elemento de entrada Arturo
Fechas 1917-?
Número Koha 8336
702 ## - Nombre personal - Responsabilidad secundaria
Elemento de entrada Báez-Jorge
Parte del nombre distinta del elemento de entrada Félix
Fechas 1945-
Número Koha 1646
801 #0 - Fuente de origen
Agencia cm
900 ## -
-- 1/19057
900 ## -
-- 7109910968\240699
942 ## - ELEMENTOS DE ENTRADA SECUNDARIOS (KOHA)
Tipo de ítem Koha Livre
996 ## -
-- MEX
-- 751145101
-- MMAG
-- 006915
-- 972.014 M816CA
-- 20221014LIV
Exemplaires
Estatus retirado Estado de daño Estado de pérdida Fecha de adquisición Biblioteca de origen Biblioteca actual Ubicación en estantería Código de barras Precio de reemplazo Signatura topográfica completa No para préstamo Tipo de ítem Koha Nota pública Nota no pública
      05/08/2025 Casa México Paris Casa México Paris   006915 05/08/2025 972.014 M816CA   Livre 20221014LIV 751145101